Vlastnická strategie - základ úspěšného vedení rodinné firmy

Podstatné faktory úspešnej rodinnej vlastníckej stratégie. Spoločný sen, vízia. Otázka priority - podnik či rodina. Profesionálny vlastník a vlastnícka stratégia. Niekoľko odporúčaní na záver.

Salvato in:
Dettagli Bibliografici
Autore principale: Servus, Stanislav
Natura: Capitolo di libro
Lingua:ceco
Soggetti:
Tags: Aggiungi Tag
Nessun Tag, puoi essere il primo ad aggiungerne!!

MARC

LEADER 00000naa a2200000 4500
001 0200210
005 20231211122237.3
041 0 |a cze 
044 |a CZ 
245 1 0 |a Vlastnická strategie - základ úspěšného vedení rodinné firmy  |c Stanislav Servus 
520 |a Podstatné faktory úspešnej rodinnej vlastníckej stratégie. Spoločný sen, vízia. Otázka priority - podnik či rodina. Profesionálny vlastník a vlastnícka stratégia. Niekoľko odporúčaní na záver. 
610 2 0 |a podnik rodinný 
610 2 0 |a podnikanie rodinné 
610 2 0 |a riadenie strategické 
610 2 0 |a vlastníci 
100 1 |a Servus, Stanislav